| 000 | 00955 a2200241 4500 | ||
|---|---|---|---|
| 999 |
_c11221 _d11221 |
||
| 020 | _a9780736073745 | ||
| 050 | 0 | 0 |
_aBF295 _bHAI 2011 |
| 100 | 1 |
_aHaibach-Beach, Pamela S., _d1977- _eauthor |
|
| 245 | 1 | 0 |
_aMotor learning and development / _cPamela S. Haibach, Greg Reid, Douglas H. Collier. |
| 264 |
_aNew York: _bHuman Kinetics, _c2011 |
||
| 300 |
_axviii, 405 pages _billustrations |
||
| 336 |
_2rdacontent _atext _btxt |
||
| 337 |
_2rdamedia _aunmediated _bn |
||
| 338 |
_2rdacarrier _avolume _bnc |
||
| 504 | _aIncludes bibliographical references (p. 371-392) and index. | ||
| 650 | 0 | _aMotor learning. | |
| 650 | 0 | _aMotor ability in children. | |
| 650 | 0 | _aMovement education. | |
| 700 | 1 |
_aReid, Greg, _d1948- _eauthor |
|
| 700 | 1 |
_aCollier, Douglas Holden, _d1953- _eauthor |
|
| 942 |
_2lcc _cBK _h295 _iHAI _kBF |
||